Statistics for Fall Out Boy Charting Songs (Billboard Hot Rock / Alt)

Click here to take the quiz!

General Stats

  • This quiz has been taken 25 times
    (7 since last reset)
  • The average score is 20 of 37

Answer Stats

AlbumWeeks OnPeakArtist(s)Song% Correct
Big Hero 6 (Original Motion Picture Soundtrack) and American Beauty / American Psycho26 Weeks#6Fall Out BoyImmortals
100%
American Beauty / American Psycho58 Weeks#2Fall Out BoyCenturies
86%
So Much (for) Stardust1 Week#50Fall Out BoyHeartbreak Feels So Good
86%
Lake Effect Kid1 Week#18Fall Out BoyLake Effect Kid
86%
Save Rock and Roll29 Weeks#2Fall Out BoyMy Songs Know What You Did in the Dark (Light Em Up)
86%
M A N I A21 Weeks#5Fall Out BoyThe Last of the Real Ones
86%
Save Rock and Roll18 Weeks#14Fall Out BoyThe Phoenix
86%
American Beauty / American Psycho52 Weeks#2Fall Out BoyUma Thurman
86%
Save Rock and Roll26 Weeks#11Fall Out BoyAlone Together
71%
So Much (for) Stardust21 Weeks#11Fall Out BoyLove From the Other Side
71%
American Beauty / American Psycho3 Weeks#31Fall Out BoyNovocaine
71%
Save Rock and Roll2 Weeks#28Fall Out Boy ft. Elton JohnSave Rock and Roll
71%
M A N I A1 Week#35Fall Out BoyBishop's Knife Trick
57%
So Much (for) Stardust1 Week#25Fall Out BoyHold Me Like a Grudge
57%
Save Rock and Roll1 Week#47Fall Out Boy ft. Big SeanThe Mighty Fall
57%
Save Rock and Roll1 Week#43Fall Out BoyWhere Did The Party Go
57%
M A N I A9 Weeks#7Fall Out BoyYoung and Menace
57%
Save Rock and Roll1 Week#38Fall Out BoyYoung Volcanoes
57%
American Beauty / American Psycho8 Weeks#15Fall Out BoyAmerican Beauty / American Psycho
43%
M A N I A15 Weeks#10Fall Out Boy ft. RMChampion
43%
M A N I A3 Weeks#15Fall Out BoyChurch
43%
American Beauty / American Psycho2 Weeks#37Fall Out BoyFavorite Record
43%
American Beauty / American Psycho9 Weeks#14Fall Out BoyFourth of July
43%
American Beauty / American Psycho40 Weeks#4Fall Out BoyIrresistible
43%
M A N I A3 Weeks#19Fall Out BoyStay Frosty Royal Milk Tea
43%
M A N I A1 Week#29Fall Out Boy ft. Burna BoySunshine Riptide
43%
Non-Album Single21 Weeks#6Fall Out BoyWe Didn't Start the Fire
43%
M A N I A4 Weeks#18Fall Out BoyWilson (Expensive Mistakes)
43%
Lake Effect Kid1 Week#50Fall Out BoyCity in a Garden
29%
Greatest Hits: Believers Never Die – Volume Two13 Weeks#13Fall Out Boy ft. Wyclef JeanDear Future Self (Hands Up)
29%
Ghostbusters4 Weeks#18Fall Out Boy ft. Missy ElliottGhostbusters (I'm Not Afraid)
29%
M A N I A1 Week#27Fall Out BoyHeaven's Gate
29%
M A N I A20 Weeks#7Fall Out BoyHOLD ME TIGHT OR DON'T
29%
American Beauty / American Psycho3 Weeks#24Fall Out BoyJet Pack Blues
29%
American Beauty / American Psycho11 Weeks#10Fall Out BoyThe Kids Aren't Alright
29%
American Beauty / American Psycho2 Weeks#34Fall Out BoyTwin's Skeleton's (Hotel in NYC)
29%
1000 Gecs & The Tree of Clues2 Weeks#23100 gecs ft. Fall Out Boy, Craig Owens & Nicole Dollangangerhand crushed by a mallet
14%

Score Distribution

Percentile by Number Answered

Percent of People with Each Score

Your Score History

You have not taken this quiz since the last reset